عرض عادي
عرض مارك
- Ewles, Linda.
مدخل إسم شخص
001 - رقم الضبط
- حقل الضبط: 10267
003 - معرف رقم الضبط
- حقل الضبط: OSt
005 - تاريخ ووقت أخر عملية
- حقل الضبط: 20120405231727.0
008 - عناصر بيانات ثابتة الطول
- حقل تحكم ثابت الطول: 120405|||a|||||| | ||| d
040 ## - مصدر الفهرسة
- هيئة الفهرسة الأصلية: OSt
- وكالة الكتابة: OSt
100 ## - مدخل -- أسم شخص
- إسم شخص: Ewles, Linda.
670 ## - بيانات المصدر موجوده
- الاستشهاد بالمصدر: Work cat.: (OSt)0: Key topics in public health :, 2005.
